000 00740nam a22002297a 4500
999 _c156773
_d156773
005 20180929152620.0
006 a|||||f|||| 00| 0
007 tc
008 180720b xxu||||| |||| 00| 0 eng d
010 _aBR-002365-BR-002374
020 _c529.00(per set)
035 _aBR-002365
037 _bA.I.C.B.
082 _aN
100 _aGolding's, William
245 _aLord of the Flies
_cby William Golding's
260 _aDelhi
_bA.C.I.B.
_cN.D.
270 _aSector-5, Rohini,
_bNew Delhi
_e110085
300 _a5V.,various pages.
_c30cm(HB).
942 _2ddc
_cBRLEN
_hN
_mGOL